| 000 | 00879nam a2200229 a 4500 | ||
|---|---|---|---|
| 003 | BD-DhJNU | ||
| 005 | 20250120064240.0 | ||
| 008 | 160822b 2004 bg a||| |||| 00| 0 eng d | ||
| 020 | _a9840609556 | ||
| 040 |
_aBD-DhJNU _bben _cBD-DhJNU _dBD-DhJNU |
||
| 082 |
_a297.03 ISL _223 |
||
| 110 | _aইসলামিক ফাউন্ডেশন বাংলাদেশ | ||
| 245 | _aইসলামী বিশ্বকোষ, প্রথম খণ্ড / | ||
| 246 | _aSongkhipto Islami bissokosh / | ||
| 250 | _a2nd ed. | ||
| 260 |
_aঢাকা : _bইসলামিক ফাউন্ডেশন বাংলাদেশ, _c2004. |
||
| 300 |
_a800 p. ; _c26 cm. |
||
| 526 | _aIslamic Studies | ||
| 650 | _aIslamic studies (ইসলাম শিক্ষা). | ||
| 650 | _aIslamic - Encyclopedia (ইসলামী বিশ্বকোষ). | ||
| 942 |
_2ddc _cREF |
||
| 999 |
_c1121 _d1121 |
||